000
00318nam a22001337a 4500
999
_c
55027
_d
55027
008
200205b ||||| |||| 00| 0 eng d
041
_a
eng
080
_2
043.3
_a
043.3
082
_2
_a
043.3
100
_a
0
101
_a
BTH
245
_a
Kujdesi Infermieror tek të Sëmurët me Gastrit
_c
Buja,D
942
_2
udc
_c
BK